Lesbian/Woman /

Uloženo v:
Podrobná bibliografie
Hlavní autoři: Martin, Del (Autor), Lyon, Phyllis (Autor)
Médium: Kniha
Jazyk:angličtina
Vydáno: Toronto, New York : Bantam Books, stampa 1983
Vydání:Revised and updated Bantam edition december 1983
Edice:Non-fiction
Tagy: Přidat tag
Žádné tagy, Buďte první, kdo vytvoří štítek k tomuto záznamu!

MARC

LEADER 00000nam a22000007i 4500
001 IT\ICCU\UBO\1824596
003 ItRI
005 20260115231819.0
008 020910s1983 xxu|||||| ||||| |||||c
020 |a 0553235974 
040 |b ita  |c importazione bologna sebina 
041 7 |a eng  |2 ISO-639-2 
100 1 |a Martin, Del  |0 IT\ICCU\UBOV\136452  |4 aut 
245 1 0 |a Lesbian/Woman /  |c Del Martin ; Phyllis Lyon. 
246 1 3 |a Lesbian Woman.  |9 IT\ICCU\UBO\1824626 
250 |a Revised and updated Bantam edition december 1983 
260 |a Toronto, New York :  |b Bantam Books,  |c stampa 1983 
300 |a XII, 349 p. ;  |c 17 cm 
500 |a Tit. sulla cop.: Lesbian Woman. 
700 1 |a Lyon, Phyllis  |0 IT\ICCU\UBOV\687636  |4 aut 
830 0 |a Non-fiction  |0 IT\ICCU\IEI\0166822 
942 |2 ddc  |c BK  |n 0 
952 |0 0  |1 0  |4 0  |6 L_000_000000000000000_MAR  |7 0  |9 13309  |a BO  |b BO  |d 2026-01-15  |i 1545  |l 0  |o L 000 MAR  |p BO1545  |r 2026-01-15 23:18:19  |w 2026-01-15  |x [Sebina 5] [1 v.]  |y BK  |z 1 v. 
999 |c 11429  |d 11429